Countries by Capital in Latin America Quiz Stats

 Plays Quiz not verified by Sporcle

Support Sporcle.
Go Orange.
Score 0/21 Timer 05:00
0 Plays Today
Country % Correct
Panama
96.2%
Argentina
94.3%
Brazil
94%
Mexico
94%
Peru
94%
93.2%
El Salvador
90.1%
Chile
89.8%
Uruguay
87.3%
Colombia
87.1%
Bolivia
86.1%
Country % Correct
Cuba
86%
Venezuela
85.6%
Ecuador
85.4%
Paraguay
84.7%
Costa Rica
80.3%
Nicaragua
78.7%
Honduras
77.1%
Dominican Republic
76.6%
Belize
66%
Haiti
64.2%

You're not logged in!

Compare scores with friends on all Sporcle quizzes.
OR
Log In
Forgot?

From the Vault

US Cities Starting With...

by Onno

Fort Green, New Port. Sure, it's not a real place, but sain't made up either.
Remove Ads.
Support Sporcle.
Get the best of Sporcle when you Go Orange. This ad-free experience offers more features, more stats, and more fun while also helping to support Sporcle. Thank you for becoming a member.

Show Comments

Extras

Top Quizzes Today


Score Distribution

Your Account Isn't Verified!

In order to create a playlist on Sporcle, you need to verify the email address you used during registration. Go to your Sporcle Settings to finish the process.

Report this User

Report this user for behavior that violates our Community Guidelines.

Details: